000 00910nam a22001935i 4500
001 160367
003 ES-MaACL
005 20250930063140.0
008 940202s1883 sp |||| | spa d
040 _aAR
_bspa
100 1 _aMuñoz del Castillo, José,
_d1850-1926
_984395
245 1 0 _aDiscurso leido en el acto de la apertura del Curso académico de 1883 a 1884 en la Universidad de Zaragoza /
_cpor D. José Muñoz del Castillo.
260 _aZaragoza :
_b[s.n.],
_c1883 (
_fEst. tip. de Calisto Ariño y Sambia)
300 _a63 p. ;
_c32 cm.
500 _aTema: Trascendencia del desarrollo de las ciencias de la naturaleza y del empleo del método esperimental á que el esplendor de las mismas es debido.
710 2 _aUniversidad de Zaragoza
_97352
852 _aES-MaACL
_jT-394-F-4
_z-- Enc. hol.
_q-- Falto de la cub. original
_z-- Enc. en un vol. facticio
999 _c160367
_d160367